Dare to be bold: (Record no. 17469)

000 -LEADER
fixed length control field 00659nam a2200193 a 4500
001 - CONTROL NUMBER
control field :::00021434$&:&@@
003 - CONTROL NUMBER IDENTIFIER
control field OkBaRHE
005 - DATE AND TIME OF LATEST TRANSACTION
control field 20181001135821.0
008 - FIXED-LENGTH DATA ELEMENTS--GENERAL INFORMATION
fixed length control field s1989 j 000 0 eng u
040 ## - CATALOGING SOURCE
Transcribing agency
100 1# - MAIN ENTRY--PERSONAL NAME
Personal name Storey, Tim
245 10 - TITLE STATEMENT
Title Dare to be bold:
Remainder of title God needs forceful men
Statement of responsibility, etc Additional Authors Billy Joe Daugherty,Tommy Barnett,Karl Strader, Lawrence Kennedy, Donnie Moore John Jacobx, Rob Carmen,Jack LagetellaSam Benson and Ron McIntosh
260 ## - PUBLICATION, DISTRIBUTION, ETC. (IMPRINT)
Place of publication, distribution, etc Tulsa,OK
Name of publisher, distributor, etc Harrison House
Date of publication, distribution, etc c1989
300 ## - PHYSICAL DESCRIPTION
Extent 207p
650 ## - SUBJECT ADDED ENTRY--TOPICAL TERM
Topical term or geographic name as entry element Men in church work
650 ## - SUBJECT ADDED ENTRY--TOPICAL TERM
Topical term or geographic name as entry element Men-Conduct of life
650 ## - SUBJECT ADDED ENTRY--TOPICAL TERM
Topical term or geographic name as entry element Spiritual warfare
9 (RLIN) 377
942 ## - ADDED ENTRY ELEMENTS (KOHA)
Source of classification or shelving scheme
Koha item type Books
Copies
Shelving location Barcode Date acquired Date last seen Permanent Location Price effective from Withdrawn status Source of classification or shelving scheme Full call number Lost status Damaged status Copy number Koha item type Not for loan
General Stacks214342010-04-142010-04-14RHEMA Bible Training College2010-04-14  BV 4501.2 .S76  1Books